[Event "BL2 West 2223 (Women)"]
[Site "Germany"]
[Date "2022.10.16"]
[Round "2.5"]
[White "Wollscheid, Stefanie"]
[Black "Reich, Kristina"]
[Result "1-0"]
[WhiteElo "1670"]
[BlackElo "1522"]
[PlyCount "65"]
[EventDate "2022.10.15"]
[EventType "team-tourn"]
[EventRounds "7"]
[EventCountry "GER"]
[SourceTitle "EXT 2025"]
[Source "ChessBase"]
[SourceDate "2024.10.14"]
[SourceVersion "1"]
[SourceVersionDate "2024.10.14"]
[SourceQuality "1"]
[WhiteTeam "Delmenhorst (W)"]
[BlackTeam "Hamburger SK (W) II"]
[WhiteTeamCountry "GER"]
[BlackTeamCountry "GER"]

1. e4 c5 2. Nf3 e6 3. d4 cxd4 4. Nxd4 a6 5. Nc3 Qc7 6. Bd3 b5 7. a3 Bb7 8. Be3 Nf6 9. f4 d6 10. g4 Nc6 11. g5 Nd7 12. Qh5 Nxd4 13. Bxd4 e5 14. fxe5 dxe5 15. Be3 Nc5 16. 0-0-0 0-0-0 17. Nd5 Nxd3+ 18. Rxd3 Bxd5 19. exd5 Kb8 20. Rf1 g6 21. Qf3 Rd7 22. Qf6 Rg8 23. Qxa6 Qb7 24. Qa5 Bg7 25. Rfd1 Rd6 26. Rb3 Qa6 27. Rxb5+ Kc8 28. Qb4 Rf8 29. Bc5 Rfd8 30. Bxd6 Qxd6 31. Qc4+ Kd7 32. Rf1 f6 33. Rb7+ 1-0

[Event "BL2 West 2122 (Women)"]
[Site "Germany"]
[Date "2022.03.20"]
[Round "5.4"]
[White "Wollscheid, Stefanie"]
[Black "Michalek, Barbara"]
[Result "0-1"]
[WhiteElo "1689"]
[BlackElo "1895"]
[PlyCount "76"]
[EventDate "2021.11.27"]
[EventType "team-tourn"]
[EventRounds "7"]
[EventCountry "GER"]
[SourceTitle "EXT 2023"]
[Source "ChessBase"]
[SourceDate "2022.10.05"]
[SourceVersion "1"]
[SourceVersionDate "2022.10.05"]
[SourceQuality "1"]
[WhiteTeam "Delmenhorst (W)"]
[BlackTeam "Lehrte (W) II"]
[WhiteTeamCountry "GER"]
[BlackTeamCountry "GER"]

1. e4 c5 2. Nf3 Nc6 3. d4 cxd4 4. Nxd4 d6 5. Nc3 Nf6 6. Bc4 g6 7. 0-0 Bg7 8. Nxc6 bxc6 9. Bb3 0-0 10. Bg5 h6 11. Bh4 g5 12. Bg3 e5 13. Qd2 Qe7 14. Rfe1 Rd8 15. Rad1 Nh5 16. Qe2 Nf4 17. Bxf4 exf4 18. Qc4 Bb7 19. a4 Re8 20. h3 Be5 21. a5 Rad8 22. Ba4 Rc8 23. f3 Red8 24. Bb3 Rc7 25. Kh2 Bc8 26. Qe2 Kg7 27. Nb1 g4 28. hxg4 Bxg4 29. Rh1 Bc8 30. c3 Rb7 31. Bc4 Be6 32. Na3 Bf6 33. Rd2 Bh4 34. Kg1 Bg3 35. b3 d5 36. exd5 Bxd5 37. Bxd5 Qxe2 38. Rxe2 Rxd5 0-1

[Event "BL2 West 1920 (Women)"]
[Site "Germany"]
[Date "2019.12.14"]
[Round "3.4"]
[White "Veldhuis, Karina"]
[Black "Wollscheid, Stefanie"]
[Result "1/2-1/2"]
[WhiteElo "1821"]
[BlackElo "1690"]
[PlyCount "105"]
[EventDate "2019.09.14"]
[EventType "team-tourn"]
[EventRounds "7"]
[EventCountry "GER"]
[SourceTitle "EXT 2021"]
[Source "ChessBase"]
[SourceDate "2020.10.23"]
[SourceVersion "1"]
[SourceVersionDate "2020.10.23"]
[SourceQuality "1"]
[WhiteTeam "Steinfurt (W)"]
[BlackTeam "Delmenhorst (W)"]
[WhiteTeamCountry "GER"]
[BlackTeamCountry "GER"]

1. d4 d5 2. Nf3 Nc6 3. e3 a6 4. c3 Nf6 5. Bd3 Bg4 6. h3 Bh5 7. Nbd2 e6 8. 0-0 Bd6 9. e4 dxe4 10. Nxe4 Be7 11. Nxf6+ gxf6 12. Be2 Qd6 13. Nh4 Bxe2 14. Qxe2 0-0-0 15. Nf3 Rhg8 16. Qe4 f5 17. Qe2 Bf6 18. b4 Rg7 19. Kh1 Rdg8 20. g3 Qd5 21. Bf4 h5 22. Kh2 h4 23. Rg1 hxg3+ 24. Rxg3 Rxg3 25. fxg3 Ne7 26. c4 Qd8 27. Rd1 Qf8 28. Ne5 Ng6 29. Nxg6 Rxg6 30. a3 Qg8 31. d5 Bg5 32. Qe5 Bxf4 33. Qxf4 exd5 34. Rxd5 Qh8 35. Qxf5+ Re6 36. Rd2 Qc3 37. Qd3 Qf6 38. Qd7+ Kb8 39. Qd8+ Qxd8 40. Rxd8+ Ka7 41. Rd3 Kb6 42. c5+ Kc6 43. g4 a5 44. h4 axb4 45. axb4 Re4 46. Kg3 Rxb4 47. Rc3 Kd5 48. h5 Ke5 49. Rf3 f6 50. h6 Ra4 51. Rf5+ Ke6 52. Kh4 Kf7 53. Rh5 1/2-1/2

[Event "BL2 West 1920 (Women)"]
[Site "Germany"]
[Date "2019.09.15"]
[Round "2.2"]
[White "Wollscheid, Stefanie"]
[Black "Gressmann, Hanna"]
[Result "0-1"]
[WhiteElo "1690"]
[BlackElo "1844"]
[PlyCount "44"]
[EventDate "2019.09.14"]
[EventType "team-tourn"]
[EventRounds "7"]
[EventCountry "GER"]
[SourceTitle "EXT 2021"]
[Source "ChessBase"]
[SourceDate "2020.10.23"]
[SourceVersion "1"]
[SourceVersionDate "2020.10.23"]
[SourceQuality "1"]
[WhiteTeam "Delmenhorst (W)"]
[BlackTeam "Kiel Doppelbauer (W)"]
[WhiteTeamCountry "GER"]
[BlackTeamCountry "GER"]

1. e4 d6 2. Nf3 Nf6 3. Nc3 Nbd7 4. Bc4 h6 5. 0-0 c6 6. d4 b5 7. Bd3 e5 8. dxe5 dxe5 9. Be3 Ng4 10. Qe2 Nxe3 11. Qxe3 Bc5 12. Qd2 0-0 13. Ne2 Bb6 14. c3 Qf6 15. b4 Rd8 16. Qb2 Nf8 17. Bb1 Bg4 18. Ne1 Qg5 19. Ng3 Rd2 20. Bc2 Rad8 21. Nf3 Bxf3 22. gxf3 Ng6 0-1

[Event "BL2 West 1819 (Women)"]
[Site "Germany"]
[Date "2019.01.13"]
[Round "7.3"]
[White "Gressmann, Hanna"]
[Black "Wollscheid, Stefanie"]
[Result "1-0"]
[WhiteElo "1846"]
[BlackElo "1769"]
[PlyCount "51"]
[EventDate "2018.10.27"]
[EventType "team-tourn"]
[EventRounds "7"]
[EventCountry "GER"]
[SourceTitle "CBM 190 Extra"]
[Source "ChessBase"]
[SourceDate "2019.07.15"]
[SourceVersion "1"]
[SourceVersionDate "2019.07.15"]
[SourceQuality "1"]
[WhiteTeam "Kiel Doppelbauer (W)"]
[BlackTeam "Delmenhorst (W)"]
[WhiteTeamCountry "GER"]
[BlackTeamCountry "GER"]

1. e4 c5 2. Nc3 d6 3. g3 Nc6 4. Bg2 Nf6 5. d3 g6 6. f4 Bg7 7. Nf3 Qb6 8. Rb1 Ng4 9. Nd5 Qd8 10. h3 Nf6 11. Nxf6+ Bxf6 12. 0-0 Be6 13. Ra1 Qd7 14. g4 Qc7 15. c3 Qb6 16. Qe2 h5 17. g5 Bg7 18. Be3 Qd8 19. Nh4 Qa5 20. f5 gxf5 21. exf5 Bd7 22. f6 Bf8 23. g6 exf6 24. Bg5+ Be6 25. Bxf6 Rg8 26. gxf7+ 1-0

[Event "BL2 West 1819 (Women)"]
[Site "Germany"]
[Date "2019.01.12"]
[Round "6.3"]
[White "Wollscheid, Stefanie"]
[Black "Mundt, Alexandra"]
[Result "0-1"]
[WhiteElo "1769"]
[BlackElo "1704"]
[PlyCount "48"]
[EventDate "2018.10.27"]
[EventType "team-tourn"]
[EventRounds "7"]
[EventCountry "GER"]
[SourceTitle "CBM 190 Extra"]
[Source "ChessBase"]
[SourceDate "2019.07.15"]
[SourceVersion "1"]
[SourceVersionDate "2019.07.15"]
[SourceQuality "1"]
[WhiteTeam "Delmenhorst (W)"]
[BlackTeam "Luebeck (W)"]
[WhiteTeamCountry "GER"]
[BlackTeamCountry "GER"]

1. e4 e5 2. Nf3 Nf6 3. d3 Nc6 4. Be2 d5 5. exd5 Nxd5 6. 0-0 Bc5 7. c4 Nf6 8. Bg5 h6 9. Bh4 Bf5 10. Qb3 Qd7 11. Bg3 Bd4 12. Re1 0-0-0 13. Nc3 Rhe8 14. Rad1 Kb8 15. Nb5 Bb6 16. a3 Ba5 17. Nc3 Nd4 18. Qa2 Nxe2+ 19. Rxe2 Bxc3 20. bxc3 e4 21. Ne5 Qa4 22. Rb1 exd3 23. Reb2 d2 24. Rxb7+ Ka8 0-1

[Event "BL2 West 1819 (Women)"]
[Site "Germany"]
[Date "2018.10.27"]
[Round "1.4"]
[White "Wollscheid, Stefanie"]
[Black "Moeller, Hannah Sophie"]
[Result "0-1"]
[WhiteElo "1804"]
[BlackElo "1827"]
[PlyCount "74"]
[EventDate "2018.10.27"]
[EventType "team-tourn"]
[EventRounds "7"]
[EventCountry "GER"]
[SourceTitle "CBM 190 Extra"]
[Source "ChessBase"]
[SourceDate "2019.07.15"]
[SourceVersion "1"]
[SourceVersionDate "2019.07.15"]
[SourceQuality "1"]
[WhiteTeam "Delmenhorst (W)"]
[BlackTeam "Steinfurt (W)"]
[WhiteTeamCountry "GER"]
[BlackTeamCountry "GER"]

1. e4 g6 2. Nf3 Bg7 3. Bc4 d6 4. Ng5 e6 5. d4 Nf6 6. Qf3 0-0 7. e5 dxe5 8. dxe5 Nfd7 9. Qh3 h6 10. Nxf7 Rxf7 11. Bxe6 Qe7 12. Bxf7+ Qxf7 13. 0-0 Qf8 14. Qb3+ Kh7 15. f4 Nc6 16. Be3 Nb6 17. Nd2 Bf5 18. a4 Nb4 19. c3 Nc2 20. Bf2 Nxa1 21. Rxa1 Qd8 22. Nf3 Qe7 23. Nd4 Be4 24. c4 c5 25. Nb5 Nd7 26. Nd6 Bc6 27. Qc2 Rf8 28. f5 Qxe5 29. fxg6+ Kg8 30. Nf7 Qe4 31. Qxe4 Bxe4 32. Rd1 Bxg6 33. Nxh6+ Bxh6 34. Rxd7 Rf7 35. Rd8+ Kh7 36. Bxc5 b6 37. Bb4 Be3+ 0-1

[Event "BL2 West 1718 (Women)"]
[Site "Germany"]
[Date "2018.02.18"]
[Round "7.4"]
[White "Meyer, Bettina"]
[Black "Wollscheid, Stefanie"]
[Result "1-0"]
[WhiteElo "1941"]
[BlackElo "1793"]
[PlyCount "77"]
[EventDate "2017.10.14"]
[EventType "team-tourn"]
[EventRounds "7"]
[EventCountry "GER"]
[SourceTitle "EXT 2019"]
[Source "ChessBase"]
[SourceDate "2018.10.10"]
[SourceVersion "1"]
[SourceVersionDate "2018.10.10"]
[SourceQuality "1"]
[WhiteTeam "Hamburger SK (W) II"]
[BlackTeam "Delmenhorst (W)"]
[WhiteTeamCountry "GER"]
[BlackTeamCountry "GER"]

1. d4 d5 2. c4 e6 3. Nc3 Nf6 4. cxd5 exd5 5. Bg5 Be7 6. e3 0-0 7. Bd3 Bg4 8. Qb3 Nbd7 9. h3 Bh5 10. Bf4 Nb6 11. a4 a5 12. Nge2 Bxe2 13. Bxe2 Ne4 14. Nxe4 dxe4 15. Qc2 Bb4+ 16. Kf1 Nd5 17. Qxe4 Re8 18. Qf3 Nxf4 19. Qxf4 Re6 20. Bc4 Rf6 21. Qe4 c6 22. g4 g6 23. h4 Qd6 24. Rh3 Kf8 25. Qg2 Re8 26. Rd1 Bc5 27. Rd3 Ba7 28. g5 Rf5 29. Rf3 Qb4 30. Bb3 b5 31. Rxf5 gxf5 32. Qxc6 bxa4 33. Bxa4 Qe7 34. Qh6+ Kg8 35. Bxe8 Qxe8 36. Rc3 Qb5+ 37. Kg1 Qd7 38. Qa6 Kg7 39. Rc8 1-0

[Event "BL2 West 1516 (Women)"]
[Site "Germany"]
[Date "2015.12.06"]
[Round "4.4"]
[White "Buechle, Regina"]
[Black "Wollscheid, Stefanie"]
[Result "0-1"]
[WhiteElo "1919"]
[BlackElo "1780"]
[PlyCount "82"]
[EventDate "2015.09.26"]
[EventType "team-tourn"]
[EventRounds "7"]
[EventCountry "GER"]
[SourceTitle "EXT 2017"]
[Source "ChessBase"]
[SourceDate "2016.10.25"]
[SourceVersion "1"]
[SourceVersionDate "2016.10.25"]
[SourceQuality "1"]
[WhiteTeam "Wattenscheid (W)"]
[BlackTeam "Delmenhorst (W)"]
[WhiteTeamCountry "GER"]
[BlackTeamCountry "GER"]

1. d4 d5 2. Nf3 e6 3. c4 Nf6 4. cxd5 exd5 5. Nc3 c6 6. Bg5 Bd6 7. Qc2 h6 8. Bh4 0-0 9. e3 Re8 10. Bd3 Be6 11. 0-0 Nbd7 12. a3 Qc7 13. e4 dxe4 14. Nxe4 Nxe4 15. Bxe4 Bg4 16. Bg3 Nf6 17. Rfe1 Re6 18. Bf5 Rxe1+ 19. Rxe1 Bxf3 20. gxf3 Rd8 21. Qc4 Qa5 22. Re5 Bxe5 23. Bxe5 Qd5 24. Qe2 Nd7 25. Be4 Qe6 26. Bc7 Re8 27. Qc2 Nf6 28. Be5 Nxe4 29. Qxe4 Qh3 30. Qg4 Qxg4+ 31. fxg4 f6 32. Bf4 Re4 33. Be3 Rxg4+ 34. Kf1 Re4 35. Kg2 f5 36. Kf3 g5 37. h3 Kf7 38. d5 cxd5 39. Bxa7 Ke6 40. b4 d4 41. Bc5 Kd5 0-1

[Event "BL2 West 1516 (Women)"]
[Site "Germany"]
[Date "2015.09.27"]
[Round "2.6"]
[White "Nguyen, Ha Thanh"]
[Black "Wollscheid, Stefanie"]
[Result "0-1"]
[WhiteElo "1719"]
[BlackElo "1780"]
[PlyCount "98"]
[EventDate "2015.09.26"]
[EventType "team-tourn"]
[EventRounds "7"]
[EventCountry "GER"]
[SourceTitle "EXT 2017"]
[Source "ChessBase"]
[SourceDate "2016.10.25"]
[SourceVersion "1"]
[SourceVersionDate "2016.10.25"]
[SourceQuality "1"]
[WhiteTeam "Erfurt Medizin (W)"]
[BlackTeam "Delmenhorst (W)"]
[WhiteTeamCountry "GER"]
[BlackTeamCountry "GER"]

1. e4 c5 2. Nf3 d6 3. d4 cxd4 4. Nxd4 Nc6 5. Nc3 Nf6 6. Be2 g6 7. Be3 Bg7 8. 0-0 Bd7 9. Nb3 Qc8 10. f3 0-0 11. Kh1 Re8 12. Qe1 Nb4 13. Rc1 Nh5 14. g4 Nf6 15. Qh4 Bh8 16. a3 Nc6 17. g5 Nh5 18. f4 Bxc3 19. bxc3 Ng7 20. Bd2 e5 21. fxe5 Nxe5 22. Rf4 Re7 23. Rg1 Ne6 24. Rf6 Qc6 25. Rg3 Rc8 26. Rg1 Nc5 27. Rf4 Bf5 28. Nd4 Bxe4+ 29. Rxe4 Qxe4+ 30. Qxe4 Nxe4 31. Be3 Nxc3 32. Bf1 Nc4 33. Bf2 Nxa3 34. Bd3 a6 35. Bg3 Rd7 36. Re1 Nab5 37. Nf3 Na4 38. Re2 Nc5 39. Bc4 Kf8 40. Re3 Re8 41. Rxe8+ Kxe8 42. Kg2 Na3 43. Bb3 Nxb3 44. cxb3 Rd8 45. Nd2 Kd7 46. Ne4 Ke6 47. Kf3 Nb5 48. Ke3 Kf5 49. h4 Re8 0-1

[Event "BL2 West 1516 (Women)"]
[Site "Germany"]
[Date "2015.09.26"]
[Round "1.5"]
[White "Walow, Xenia"]
[Black "Wollscheid, Stefanie"]
[Result "0-1"]
[WhiteElo "1540"]
[BlackElo "1780"]
[PlyCount "78"]
[EventDate "2015.09.26"]
[EventType "team-tourn"]
[EventRounds "7"]
[EventCountry "GER"]
[SourceTitle "EXT 2017"]
[Source "ChessBase"]
[SourceDate "2016.10.25"]
[SourceVersion "1"]
[SourceVersionDate "2016.10.25"]
[SourceQuality "1"]
[WhiteTeam "Paderborn (W)"]
[BlackTeam "Delmenhorst (W)"]
[WhiteTeamCountry "GER"]
[BlackTeamCountry "GER"]

1. d4 d5 2. Nf3 e6 3. Bf4 Bd6 4. Bg3 Ne7 5. e3 Nf5 6. Bd3 Bxg3 7. hxg3 h6 8. c3 Nc6 9. Nbd2 Bd7 10. Qb3 Nfe7 11. Qc2 Nf5 12. Nb3 Nd6 13. e4 dxe4 14. Bxe4 Qe7 15. 0-0-0 0-0-0 16. Rhe1 Nxe4 17. Qxe4 Rhe8 18. Nc5 f6 19. Nb3 Qf7 20. Qc2 Ne7 21. Nc5 Nd5 22. Qb3 Bc6 23. Re2 Rd6 24. Rde1 Nb6 25. Qc2 Bd5 26. a3 g5 27. Rg1 Nd7 28. Nxd7 Rxd7 29. Nd2 Rd6 30. f3 Rc6 31. Ne4 e5 32. dxe5 Rxe5 33. Nf2 Bb3 34. Qd2 Rd6 35. Qe1 Qg6 36. f4 gxf4 37. gxf4 Ree6 38. c4 Rc6 39. Rxe6 Qc2# 0-1

[Event "BL2 West 1415 (Women)"]
[Site "Germany"]
[Date "2015.03.29"]
[Round "7.5"]
[White "Wollscheid, Stefanie"]
[Black "Domrath, Marion"]
[Result "1/2-1/2"]
[WhiteElo "1763"]
[BlackElo "1637"]
[PlyCount "105"]
[EventDate "2014.09.27"]
[EventType "team-tourn"]
[EventRounds "7"]
[EventCountry "GER"]
[SourceTitle "CBM 166 Extra"]
[Source "ChessBase"]
[SourceDate "2015.06.18"]
[SourceVersion "1"]
[SourceVersionDate "2015.06.18"]
[SourceQuality "1"]
[WhiteTeam "Delmenhorst (W)"]
[BlackTeam "Wattenscheid (W)"]
[WhiteTeamCountry "GER"]
[BlackTeamCountry "GER"]

1. e4 e6 2. d4 d5 3. e5 c5 4. c3 Ne7 5. Bg5 Qc7 6. Bxe7 Bxe7 7. Nf3 Nc6 8. a3 0-0 9. Be2 cxd4 10. cxd4 f6 11. Nbd2 fxe5 12. dxe5 Nxe5 13. Rc1 Nxf3+ 14. Nxf3 Qb6 15. Qd2 Bd7 16. 0-0 Bf6 17. Rb1 Bb5 18. Rfe1 Bxe2 19. Rxe2 Rac8 20. Rbe1 Rc6 21. Ng5 Bxg5 22. Qxg5 Rf6 23. Qh5 Rc8 24. h3 Rcf8 25. Qh4 e5 26. Rxe5 Rxf2 27. Kh2 Qxb2 28. Qg3 d4 29. Rg5 R2f7 30. Qd3 Qf2 31. Rge5 Qf4+ 32. Kh1 a6 33. R5e4 Qf2 34. R4e2 Qf6 35. Re4 Rd7 36. Qb3+ Qf7 37. Qd3 b5 38. Rh4 Qf5 39. Qb3+ Qd5 40. Qd3 h6 41. Qg6 Rd6 42. Qg3 Kh7 43. Rg4 Rf7 44. Qd3+ Qf5 45. Qg3 Qf2 46. Qd3+ Qf5 47. Qg3 Rg6 48. Rxg6 Qxg6 49. Qb3 Rf2 50. Qd5 d3 51. Rd1 Qf5 52. Qxf5+ Rxf5 53. Rxd3 1/2-1/2

[Event "BL2 West 1314 (Women)"]
[Site "Germany"]
[Date "2014.02.16"]
[Round "5.6"]
[White "Wollscheid, Stefanie"]
[Black "Kraus, Tanja"]
[Result "1/2-1/2"]
[WhiteElo "1790"]
[BlackElo "1911"]
[PlyCount "60"]
[EventDate "2013.11.30"]
[EventType "team-tourn"]
[EventRounds "7"]
[EventCountry "GER"]
[SourceTitle "EXT 2018"]
[Source "ChessBase"]
[SourceDate "2017.10.13"]
[SourceVersion "1"]
[SourceVersionDate "2017.10.13"]
[SourceQuality "1"]
[WhiteTeam "Delmenhorst (W)"]
[BlackTeam "Wattenscheid (W)"]
[WhiteTeamCountry "GER"]
[BlackTeamCountry "GER"]

1. e4 Nf6 2. Nc3 d5 3. exd5 Nxd5 4. Bc4 e6 5. Nf3 Nb6 6. Bb3 Nc6 7. 0-0 Be7 8. d3 0-0 9. Bf4 Nd5 10. Bxd5 exd5 11. Nb5 Bd6 12. Nxd6 cxd6 13. h3 Qf6 14. Bc1 Be6 15. c3 h6 16. d4 b5 17. a3 a5 18. Bd2 a4 19. Be3 Na5 20. Nd2 Qh4 21. Qe2 Nc4 22. f4 Rfe8 23. Nxc4 dxc4 24. Qf3 Bf5 25. Bf2 Qf6 26. Rae1 Bd3 27. Rxe8+ Rxe8 28. Re1 Rxe1+ 29. Bxe1 Qe6 30. Bg3 Be4 1/2-1/2

[Event "BL2 Nord 1011 (Women)"]
[Site "Germany"]
[Date "2011.02.20"]
[Round "7.5"]
[White "Wollscheid, Stefanie"]
[Black "Selge Rolle, Ursula"]
[Result "1/2-1/2"]
[WhiteElo "1569"]
[BlackElo "1480"]
[PlyCount "113"]
[EventDate "2010.11.06"]
[EventType "team-tourn"]
[EventRounds "7"]
[EventCountry "GER"]
[SourceTitle "EXT 2012"]
[Source "ChessBase"]
[SourceDate "2011.11.24"]
[SourceVersion "1"]
[SourceVersionDate "2011.11.24"]
[SourceQuality "1"]
[WhiteTeam "Delmenhorst (W)"]
[BlackTeam "Krefeld (W)"]
[WhiteTeamCountry "GER"]
[BlackTeamCountry "GER"]

1. e4 c6 2. d4 d5 3. e5 c5 4. c3 e6 5. Bd3 Nc6 6. Bc2 Qb6 7. Ne2 Nh6 8. 0-0 Nf5 9. Bxf5 exf5 10. dxc5 Bxc5 11. Qxd5 Be6 12. Qf3 Nxe5 13. Qg3 Ng6 14. b4 Bd6 15. Qd3 Rd8 16. Qc2 0-0 17. Be3 Qc7 18. Kh1 f4 19. Bd2 f3 20. gxf3 Bh3 21. Rg1 Nf4 22. Nxf4 Bxf4 23. Bxf4 Qxf4 24. Rg3 Bf5 25. Qb2 Rd1+ 26. Kg2 h5 27. c4 g6 28. Nc3 Rxa1 29. Qxa1 h4 30. Nd5 Qh6 31. Nf6+ Kh8 32. Rg4 Bxg4 33. Nxg4+ Qg7 34. Qc1 Rc8 35. Qg5 f5 36. Nf6 Rxc4 37. f4 Rxf4 38. Qxf4 Qxf6 39. Qb8+ Kh7 40. Qxb7+ Kh6 41. Qxa7 Qg5+ 42. Kf1 h3 43. Qe3 f4 44. Qxh3+ Kg7 45. Qd3 Qh5 46. Qd4+ Kh7 47. Qxf4 Qd1+ 48. Kg2 Qd5+ 49. Kg3 Qxa2 50. Kg4 Qe6+ 51. Kg5 Qd5+ 52. Kg4 Qd1+ 53. Kh4 Qd8+ 54. Kg3 Qd3+ 55. Kg2 Qd5+ 56. Kh3 Qd3+ 57. Qg3 1/2-1/2

[Event "BL2 Nord 1011 (Women)"]
[Site "Germany"]
[Date "2011.01.09"]
[Round "5.4"]
[White "Franzenburg, Maria"]
[Black "Wollscheid, Stefanie"]
[Result "0-1"]
[WhiteElo "1871"]
[BlackElo "1569"]
[PlyCount "138"]
[EventDate "2010.11.06"]
[EventType "team-tourn"]
[EventRounds "7"]
[EventCountry "GER"]
[SourceTitle "EXT 2012"]
[Source "ChessBase"]
[SourceDate "2011.11.24"]
[SourceVersion "1"]
[SourceVersionDate "2011.11.24"]
[SourceQuality "1"]
[WhiteTeam "Kiel Doppelbauer (W)"]
[BlackTeam "Delmenhorst (W)"]
[WhiteTeamCountry "GER"]
[BlackTeamCountry "GER"]

1. c4 e6 2. Nc3 Nf6 3. g3 Be7 4. Bg2 0-0 5. e3 c6 6. d4 d5 7. Qd3 b6 8. b3 Ba6 9. Nge2 dxc4 10. bxc4 Nd5 11. a3 Nd7 12. 0-0 Rc8 13. e4 Nxc3 14. Qxc3 b5 15. c5 b4 16. Qe3 b3 17. Re1 Rb8 18. Qc3 Nf6 19. Be3 Qc8 20. Rab1 Bxe2 21. Rxe2 Qa6 22. Qb2 Rb5 23. Ree1 Rb7 24. Rec1 Rfb8 25. Bf4 Rd8 26. Bf1 Qa4 27. Rc4 Qa5 28. f3 Rbd7 29. Be3 Rb7 30. Rc3 Rdb8 31. Bc4 Nd7 32. Rxb3 Rxb3 33. Bxb3 e5 34. Qc2 Qxa3 35. dxe5 Kf8 36. Bd4 Bxc5 37. Bxc5+ Qxc5+ 38. Qxc5+ Nxc5 39. Bc2 Rxb1+ 40. Bxb1 Ke7 41. Kf2 Kd7 42. Ke3 Kc7 43. f4 a5 44. Ba2 Ne6 45. f5 Nd8 46. Bb3 c5 47. g4 Kb6 48. Ba4 Nc6 49. e6 fxe6 50. fxe6 Ne7 51. Kd3 Kc7 52. Kc4 Kd6 53. Bd7 Ng6 54. Kb5 Ne5 55. Kxa5 Nxd7 56. exd7 Kxd7 57. Kb5 Kd6 58. Kc4 Ke5 59. Kxc5 Kxe4 60. h4 Kf4 61. g5 Kg4 62. g6 hxg6 63. Kd4 Kxh4 64. Ke3 g5 65. Kf2 g4 66. Kg2 g3 67. Kg1 Kh3 68. Kh1 g2+ 69. Kg1 g6 0-1

[Event "BL2 Nord 1011 (Women)"]
[Site "Germany"]
[Date "2010.11.06"]
[Round "1.5"]
[White "Schwieger, Synnoeve"]
[Black "Wollscheid, Stefanie"]
[Result "0-1"]
[WhiteElo "1693"]
[BlackElo "1569"]
[PlyCount "106"]
[EventDate "2010.11.06"]
[EventType "team-tourn"]
[EventRounds "7"]
[EventCountry "GER"]
[SourceTitle "EXT 2012"]
[Source "ChessBase"]
[SourceDate "2011.11.24"]
[SourceVersion "1"]
[SourceVersionDate "2011.11.24"]
[SourceQuality "1"]
[WhiteTeam "Braunschweig (W)"]
[BlackTeam "Delmenhorst (W)"]
[WhiteTeamCountry "GER"]
[BlackTeamCountry "GER"]

1. e4 c5 2. Nf3 d6 3. d3 g6 4. c3 Bg7 5. Be3 Nc6 6. Qc2 Be6 7. d4 cxd4 8. cxd4 d5 9. e5 Nh6 10. Bb5 Rc8 11. Nc3 0-0 12. a3 Nf5 13. 0-0 Qb6 14. Qd2 Na5 15. Rad1 Nc4 16. Bxc4 Rxc4 17. h3 Nxe3 18. fxe3 Bh6 19. Qe2 Rfc8 20. Rd2 Qa5 21. g4 b5 22. Qf2 b4 23. axb4 Rxb4 24. Re2 Qd8 25. Qh4 Qf8 26. g5 Bg7 27. Qg3 Rcb8 28. Rff2 Qc8 29. Rc2 Qa6 30. Rfd2 Qa5 31. e4 dxe4 32. Nxe4 Qa1+ 33. Kh2 Rxb2 34. Rxb2 Rxb2 35. Rxb2 Qxb2+ 36. Qg2 Qb1 37. Qe2 Qb6 38. Qd2 Bd5 39. Qd3 Qc6 40. Nfd2 Bxe4 41. Nxe4 Qc7 42. Kg2 a5 43. Qb3 Qd7 44. Kg3 Qxd4 45. Qb8+ Bf8 46. Kf4 a4 47. Qb1 a3 48. Qa2 e6 49. h4 Bb4 50. Qc2 Kg7 51. Kf3 Qxe5 52. Nf6 Qf5+ 53. Kg2 Qxc2+ 0-1